4. A Feast For Plots - A Song of Ice and Fire chapters - Statistics

General Stats
  • This quiz has been taken 7 times
  • The average score is 31 of 46
Answer Stats
# Chapter Hint Answer % Correct
20 Brienne IV Brienne discovers the suspicious fool is not Dontos, but Shagwell who kills Nimble Dick but is himself slain by Brienne along with his two companions from this sellsword company. Brave Companions
100%
1 Aeron I Aeron learns his brother, King Balon Greyjoy, is dead and to his horror that his other brother, Euron, has claimed Balon's throne so he convinces the Ironborn to hold a traditional election, a ceremony given this name. Kingsmoot
100%
5 Samwell I Jon tells Sam he is sending him to the Citadel in this Westerosi settlement where he can train to be a Maester and replace the elderly Aemon Targaryen. Oldtown
100%
9 Brienne II At Duskendale, Brienne notices that a boy seems to be following her so after leaving the town she hides to surprise her pursuer and discovers he is this former squire to Tyrion Lannister Podrick Payne
100%
18 Victarion I Upon arriving at Old Wyk, Victarion commands his fleet to blockade Euron's ship, which has this name. Silence
100%
21 Arianne I Arianne's Queenmaker plot is foiled and she watches helplessly as Arys Oakheart charges their saboteurs only to be cut down and killed by this guardsman of her father. Areo Hotah
86%
13 Arys I Arys Oakheart has broken his Kingsguard vow of celibacy and has been sleeping with this woman, who he doesn't realise is just manipulating him. Arianne Martell
86%
33 Jaime V Jaime reaches Riverrun to attempt to end the siege and retake the castle from this knight who is loyal to the deceased Robb Stark. Brynden Tully
86%
22 Arya II The Kindly Man tells Arya she must leave the temple to learn the Braavosi language and that she must adopt a false identity so Arya decides to pose as a Westerosi orphan with this name. Cat
86%
30 Jaime IV Jaime arrives at this castle, in which his cousin Lancel Lannister has been installed as Lord, although Lancel plans to forsake his title, admitting to sleeping with Cersei and poisoning King Robert. Darry
86%
32 Cersei VII The Tyrells are desperate for the Redwyne Fleet to return to the reach and defend it from Euron's raids, but Cersei refuses to allow this until the fleet retake this island which it is currently besieging. Dragonstone
86%
29 Victarion II When King Euron commands Victarion to sail to Meereen on a quest to return with Dany and her dragons, Victarion privately vows to double-cross Euron in revenge for stealing what? His wife
86%
6 Arya I Arriving in Braavos, the ship's captain drops Arya off at this location, the headquarters of the Faceless Men. House of Black and White
86%
27 Jaime III Having been tasked with mopping up the loose ends of the War in the Riverlands, Jaime employs this mute knight to secretly train him to fight left-handed. Ilyn Payne
86%
3 Cersei I In the aftermath of her father Tywin's death, Cersei offers the position of Hand of the King to her uncle Kevan, having first offered it to this person, who refused. Jaime Lannister
86%
24 Cersei V Cersei is annoyed that Tommen is delighted by Margaery's gift of three of this baby animal. Kitten
86%
16 Jaime II Jaime asks Cersei why she spends so much time with Taena Merryweather, pointing out she is a spy for this rival of Cersei's. Margaery Tyrell
86%
17 Cersei IV Cersei has been sleeping with this Kettleblack brother in order to manipulate him into her ill-fated schemes. Osney
86%
31 Brienne VI On the Quiet Isle, Brienne passes a huge cloaked man digging graves who fans believe is secretly this famous swordsman. Sandor Clegane
86%
8 Jaime I Jaime advises Cersei to complete Margaery and Tommen's wedding quickly so she can send Mace Tyrell to besiege this castle again. Storm's End
86%
0 Prologue - Pate Pate hates that he was named after a folk character with this title. The Pig Boy
86%
12 Cersei III Cersei finds the wildfire flames beautiful as the substance is used to demolish this building in the Red Keep. Tower of the Hand
86%
34 Arya III Arya assassinates this man when she learns he has broken his vows to the Night's Watch Dareon
71%
2 Areo I Prince Doran Martell is finally returning to Sunspear, having spent two years at the Water Gardens trying to get over his struggles with this disease. Gout
71%
11 Asha I Asha travels to Ten Towers, seeking support to be named Queen of the Iron Islands from her uncle who has this name. Rodrik "The Reader" Harlaw
71%
37 Brienne VII At the Inn at the Crossroads, Brienne defends its young inhabitants taking on a group of outlaws by herself and killing this man who seems to be leading the group and wearing the Hound's distinct helm. Rorge
71%
40 Arianne II When Arianne confronts her father over his intent for her younger brother to inherit Dorne, Doran reveals his original plan was for her to become Queen of Westeros by marrying this now deceased man. Viserys Targaryen
71%
28 Cersei VI Cersei promises the High Sparrow to restore this institution in exchange for recognising Tommen as king and forgiving the Crown's debt to the Faith. Faith Militant
57%
42 Brienne VIII The Brotherhood Without Banners take Brienne to their new leader, a mysterious woman going by this moniker. Lady Stoneheart
57%
35 Samwell IV Before passing away due to advanced age, Aemon tells Sam he believes Dany to be this prophesised figure, having previously discounted her due to a flawed translation from High Valyrian. Prince(ss) Who Was Promised
57%
38 Jaime VI Jaime releases Edmure Tully so he can enter and then yield Riverrun to the Lannisters, threatening that if Edmure refuses he will send his newborn child into the castle after him by way of this device. Trebuchet
57%
43 Cersei X Having been imprisoned by the Faith after her plans to frame Margaery backfire spectacularly, Cersei learns from Qyburn that this man, whom she named Master of Ships, has absconded with the royal fleet. Aurane Waters
43%
14 Brienne III Following a lead about a court fool who she thinks might be Dontos Hollard, Brienne pays Nimble Dick to take her to this location where Dick also recently escorted the suspicious fool. Cracklaw Point - The Whispers
43%
7 Cersei II Cersei belatedly asks this person to become the new Master of Coin, having angered the Tyrells who had assumed Tywin's offer of the position to Mace's uncle would be upheld. Gyles Rosby
43%
41 Sansa III Littlefinger reveals to Sansa he plans to attain the Vale's support for her to reclaim Winterfell by marrying her to this man who is the heir to Robert Arryn's title as Lord Paramount Harry Hardyng
43%
39 Cersei IX Cersei demotes this man to Master of Coin and replaces him as Hand of the King with Orton Merryweather. Harys Swyft
43%
25 Brienne V This knight leaves Randyll Tarly's service with the intention of joining Brienne on her quest as he is impressed with her fighting skills and remorseful for previously trying to humiliate her. Hyle Hunt
43%
23 Sansa II Sansa watches as Littlefinger parleys with a group of Vale nobles going by this collective title. Lords Declarant
43%
10 Sansa I Littlefinger has, through torture, persuaded this singer to confess to Lysa Arryn's murder. Marillion
43%
45 Samwell V After arriving at the Citadel and discussing Daenerys Targaryen, her dragons, and the Others with Archmaester Marwin, Sam is shown to his rooms by this Citadel novice who clarifies his name is, "like the pig boy." Pate
43%
26 Samwell III Sam is finally able to find onward passage and useful information after being rescued from a canal by a man who is a ship's mate from this non-Westerosi location. Summer Islands
43%
36 Cersei VIII Recalling the prophecy she received as a child from the Woods Witch, Cersei was told that her life would be choked from her by someone given this title. Valonqar
43%
44 Jaime VII Having retaken Riverrun without bloodshed, Jaime receives a letter from Cersei begging him to represent her as her champion in a trial by combat, however Jaime orders his squire to put the letter where? In the fire
29%
19 Aeron II Ironborn captains are making their cases to be elected to rule the Iron Islands and Asha seems to have the most support until Euron grabs everyone's attention by having one of his men sound this horn. Dragonbinder
14%
4 Brienne I Brienne is disconcerted by a hedge knight with this nickname when he reveals he knows she's seeking Sansa Stark as he is also doing so, albeit in return for a financial reward. Mad Mouse
14%
15 Samwell II Sam sets off on his long voyage accompanied by Gilly, Aemon, and Dareon, departing Eastwatch on a Night's Watch ship with this name. Blackbird
0%
No matching quizzes found
Score Distribution
Percent of People with Each Score
Percentile by Number Answered
Your Score History
You have not taken this quiz